000 00272nam a22001337a 4500
008 170608b xxu||||| |||| 00| 0 eng d
020 _a03043754
041 _aeng
080 _a32
100 _a18
101 _aSHP
245 _aALTERNATIVES
_cBIGO,D
942 _2udc
_cBK
999 _c16415
_d16415